000 00531nam a2200193Ia 4500
005 20250326143243.0
008 250326s9999 xx 000 0 und d
020 _a019 5671120
037 _aTextbook
040 _aFMSL
_beng
_cFMSL
041 _aeng
_2eng
084 _aX:74.1 P2
_qFMSL
100 _aSikdar S
_9747714
245 0 _aContemporary issues in globalization
_cSikdar S
260 _aOxford
_bOxford, Oxford University
_c2002
300 _a201p
942 _cTB
_hX:74.1 P2
999 _c1298795
_d1298795